000
00276nam a2200121 a 4500
008
101022s1962|||| d
245
1
0
_a
Návrat z hvězd
100
1
_a
Lem, Stanislaw
044
_a
CZ
041
_a
cze
260
_b
Mladá Fronta
_a
Praha
_c
1962
020
_c
13,60
999
_c
12093
_d
12093